[Event "Pan American-ch School U15 12th"]
[Site "Callao"]
[Date "2023.10.19"]
[Round "7"]
[White "Huertas Poma, Adrian Antonio"]
[Black "Deudor Pablo, Jhordy Edisson"]
[Result "1-0"]
[WhiteElo "1399"]
[BlackElo "1134"]
[PlyCount "141"]
[EventDate "2023.10.16"]
[EventType "swiss"]
[EventRounds "9"]
[EventCountry "PER"]
[SourceTitle "Mega2024 Update 01"]
[Source "Chessbase"]
[SourceDate "2023.11.12"]
[SourceVersion "1"]
[SourceVersionDate "2023.11.12"]
[SourceQuality "1"]

1. d4 d5 2. Bf4 Nf6 3. e3 c6 4. Nf3 Bf5 5. c4 e6 6. Nc3 Nbd7 7. Qb3 Qb6 8. c5 Qxb3 9. axb3 Be7 10. h3 0-0 11. b4 b5 12. Ra6 Rfc8 13. Be2 Ne8 14. 0-0 Nc7 15. Rxc6 e5 16. Bxe5 Nxe5 17. Nxe5 f6 18. Bg4 Bxg4 19. Nxg4 h5 20. Nh2 Kf8 21. e4 dxe4 22. d5 Bd8 23. d6 Ne6 24. Rxc8 Rxc8 25. Nxe4 a5 26. Rc1 Nd4 27. Rd1 Nc6 28. bxa5 Nxa5 29. Nf3 Kf7 30. d7 Rc7 31. Nd4 Ke7 32. Nxb5 Rxd7 33. Ned6 Kf8 34. Nd4 Kg8 35. b4 Nb7 36. c6 Rxd6 37. cxb7 Bc7 38. Rc1 Rd7 39. Ne6 Be5 40. b8Q+ Bxb8 41. Rc8+ Kf7 42. Nd8+ Ke7 43. Nc6+ Kd6 44. Nxb8 Rb7 45. Rc6+ Kd5 46. Rc5+ Kd6 47. Na6 Rxb4 48. Nxb4 Kxc5 49. Nd3+ Kd4 50. Nf4 g5 51. Nxh5 f5 52. Kf1 Ke4 53. Ke2 g4 54. hxg4 fxg4 55. Nf6+ Kf4 56. Nxg4 Kxg4 57. Ke3 Kf5 58. f4 Kf6 59. Ke4 Kf7 60. Ke5 Kf8 61. Ke6 Ke8 62. f5 Kf8 63. f6 Ke8 64. f7+ Kf8 65. g3 Kg7 66. Ke7 Kh7 67. f8Q Kg6 68. Qf4 Kg7 69. Qg5+ Kh8 70. Kf7 Kh7 71. Qg7# 1-0